00587nam a2200169Ia 4500008004100000100002000041245008000061245004600141260005900187260000900246300001100255650001800266650001500284856002600299999001900325952007300344170221s9999 xx 000 0 und d aJong-Hyuok Jung aSmart Choice: Smartphone Users’ Intentions to Accept Mobile Advertising  cJong-Hyuok Jung, Yongjun Sung, Wei-Na Lee bOnline Journal of Communication and Media Technologies c2013 a33 : 8 xCommunication xMedia Arts uhttp://www.ojcmt.net/ c311073d311073 001040aCLbCLd2017-02-21l0r2017-02-21 00:00:00w2017-02-21yFOJ